The Routledge companion to metaphysics / (Record no. 14839)

000 -LEADER
fixed length control field 03900cam a22002898a 4500
001 - CONTROL NUMBER
control field 15490546
005 - DATE AND TIME OF LATEST TRANSACTION
control field 20170105102905.0
008 - FIXED-LENGTH DATA ELEMENTS--GENERAL INFORMATION
fixed length control field 081020s2009 enk b 001 0 eng
010 ## - LIBRARY OF CONGRESS CONTROL NUMBER
LC control number 2008043739
020 ## - INTERNATIONAL STANDARD BOOK NUMBER
International Standard Book Number 9780415396318 (hardback : alk. paper)
020 ## - INTERNATIONAL STANDARD BOOK NUMBER
International Standard Book Number 9780415493963 (pbk. : alk. paper)
020 ## - INTERNATIONAL STANDARD BOOK NUMBER
International Standard Book Number 9780203879306 (ebook)
040 ## - CATALOGING SOURCE
Original cataloging agency DLC
Transcribing agency DLC
050 00 - LIBRARY OF CONGRESS CALL NUMBER
Classification number BD111
Item number .R68 2009
082 00 - DEWEY DECIMAL CLASSIFICATION NUMBER
Classification number 110
Edition number 22
245 04 - TITLE STATEMENT
Title The Routledge companion to metaphysics /
Statement of responsibility, etc. edited by Robin Le Poidevin ... [et al.].
260 ## - PUBLICATION, DISTRIBUTION, ETC.
Place of publication, distribution, etc. London ;
-- New York :
Name of publisher, distributor, etc. Routledge,
Date of publication, distribution, etc. 2009.
263 ## - PROJECTED PUBLICATION DATE
Projected publication date 0903
300 ## - PHYSICAL DESCRIPTION
Extent p. cm.
504 ## - BIBLIOGRAPHY, ETC. NOTE
Bibliography, etc. note Includes bibliographical references and index.
505 0# - FORMATTED CONTENTS NOTE
Formatted contents note Introduction: hat is metaphysics? / Robin Le Poidevin -- History of metaphysics -- Introduction to part I: MJillennia of metaphysics / Peter Simons -- Pre-socratic themes : being, not-being and mind / David Sedley -- Plato : arguments for forms / Richard Patterson -- Aristotle : form, matter, and substance / Stephen Makin -- Aristotle : time and change / Ursula Coope -- Medieval metaphysics I : the problem of universals / Claude Panaccio -- Medieval metaphysics II : things, non-things, God, and time / John Marenbon -- Descartes : the real distinction / Dugald Murdoch -- Hobbes : matter, motion, and cause / George MacDonald Ross -- Spinoza : substance, attribute, and mode / Richard Glauser -- Locke : the primary and secondary quality distinction / Lisa Downing -- Leibniz : mind-body causation, and pre-established harmony / Gonzalo Rodriguez-Pereyra -- Berkeley : arguments for idealism / Tom Stoneham -- Hume : necessary connections and distinct existences / Alexander Miller -- Kant : the possibility of metaphysics / Lucy Allais -- Hegel and Schopenhauer : reason and will / Rolf-Peter Horstmann -- Anti-metaphysics I : Nietzsche / Maudemarie Clark -- Bradley : the supra-relational absolute / William Mander -- Whitehead : process and cosmology / Peter Simons -- Heidegger : the question of being / Herman Philips -- Anti-metaphysics II : verificationism and kindred views / Cheryl Misak -- Metaphysics revivified / Avrum Stroll -- Ontology : on what exists -- Introduction to part II : being and related matters / Ross P. Cameron -- To be / Chris Daly -- Not to be / Graham Priest -- Razor arguments / Peter Forrest -- Substance / David Robb -- Intrinsic and extrinsic properties / Ross P. Cameron -- Universals : the contemporary debate / Fraser MacBride -- Particulars / Herbert Hochberg -- Persistence, composition, and identity / Nikk Effingham -- Relations / John Heil -- Events, facts, and states of affairs / Julian Dodd -- Possible worlds and possibilia / John Divers -- Mathematical entities / Peter Clark -- Fictional objects / Richard Hanley -- Vagueness / Elizabeth Barnes -- Minor entities : surfaces, holes, and shadows / Roberto Casati -- Truth-makers and truth-bearers / John Bigelow -- Values / Kevin Mulligan -- Metaphysics and science -- Introduction to part III : the study of nature / Robin le Poidevin -- Space, absolute, and relational / Tim Maudlin -- The infinite / Daniel Nolan -- The passage of time / Eric T. Olson -- The direction of time / D.H. Mellor -- Causation / Michael Tooley -- Laws and dispositions / Stephen Mumford -- Determinism and probability / Phillip Percival -- Essences and natural kinds / Alexander Bird -- Metaphysics and relativity / Katherine Hawley -- Metaphysics and quantum physics / Peter J. Lewis -- Supervenience, reductionism, and emergence / Howard Robinson -- Biometaphysics / Barry Smith -- Social entities / Amie L. Thomasson -- The mental and the physical / Louise Anthony -- The self / John Campbell.
650 #0 - SUBJECT ADDED ENTRY--TOPICAL TERM
Topical term or geographic name entry element Metaphysics.
700 1# - ADDED ENTRY--PERSONAL NAME
Personal name Le Poidevin, Robin,
Dates associated with a name 1962-
906 ## - LOCAL DATA ELEMENT F, LDF (RLIN)
a 7
b cbc
c orignew
d 1
e ecip
f 20
g y-gencatlg
942 ## - ADDED ENTRY ELEMENTS (KOHA)
Source of classification or shelving scheme
Koha item type Book
Holdings
Withdrawn status Lost status Damaged status Not for loan Collection code Permanent Location Current Location Shelving location Date acquired Total Checkouts Full call number Barcode Date last seen Price effective from Koha item type
          Centre for International Peace & Stability (CIPS) Centre for International Peace & Stability (CIPS) General Stacks 10/01/2013   110 ROU 2012 CIPS0001612 10/22/2013 10/22/2013 Book
© 2023 Central Library, National University of Sciences and Technology. All Rights Reserved.